000 00188 a2200097 4500
020 _a9780811820127
041 _aeng
100 _aTRicia Brown
245 _aThe City by the Bay
942 _cK
999 _c31309
_d31307